Nuevos desafíos del estado de derecho en Chile: actas de las II Jornadas de la Facultad de Derecho

محفوظ في:
التفاصيل البيبلوغرافية
المؤلفون الرئيسيون: Morrison Munro, Robert (مؤلف), Navarro Dolmestch, Roberto (مؤلف)
التنسيق: كتاب
اللغة:الإسبانية
منشور في: Santiago Librotecnia 2018
الموضوعات:
الوسوم: إضافة وسم
لا توجد وسوم, كن أول من يضع وسما على هذه التسجيلة!

MARC

LEADER 00000cam a2200000 a 4500
001 UCC9944
003 CL-VaPUC
005 20240807163630.0
008 191129e20180000cl spa d
020 |a 9789563271874 
082 0 4 |a 340.0983  |b MOR  |2 21 
100 1 |a Morrison Munro, Robert  |e author  |9 605252 
700 1 |a Navarro Dolmestch, Roberto  |e author  |9 605253 
245 1 0 |a Nuevos desafíos del estado de derecho en Chile: actas de las II Jornadas de la Facultad de Derecho 
260 |a Santiago  |b Librotecnia  |c 2018 
300 |a 295 p 
583 |a last modification  |c 20191129 11:37:00  |k Rodrigo Vera 
650 0 7 |a DERECHO CHILENO  |2 CL-VaPUC  |9 605254 
650 0 0 |a Derecho constitucional chileno  |9 478271 
650 0 0 |a Compensación económica  |9 522559 
650 0 7 |a DERECHO PENAL CHILENO  |2 CL-VaPUC  |9 605255 
650 0 0 |a Sistema penitenciario  |9 408502 
942 |c BK 
945 |a cmena  |d 20191129 11:37:00 
999 |c 376229  |d 376227 
952 |0 0  |1 0  |3 erd  |4 0  |6 340_098300000000000_MOR_2018  |7 0  |8 A  |9 495540  |a BIBDER  |b BIBDER  |i 5606780  |o 340.0983 MOR 2018  |p 5606780  |r 2023-01-25  |w 2020-01-06  |y BK  |z Catalogado en:20191129  |k DER